000 00434cam a2200181ua 4500
020 _c6.60
041 _aeng
_h
082 _a531.3
_bLON/EL
100 _aLoney, S L .
245 _aElements of statics and dynamics /
_cS L Loney.
_hTextual Documents
250 _a1 /
_b.
260 _aCambridge :
_bUniversity press ,
_c1961.
300 _a240 ; .
365 _a6.60
504 _a
942 _cBK
999 _c9056
_d9056